000 00325nam a22001337a 4500
008 170601b xxu||||| |||| 00| 0 eng d
020 _a9780393019629
041 _aeng
080 _a94
100 _a17
101 _aSHH
245 _aTHE CRUELE MILES THE HEROIC STORY DOGS IN RACE
_cSALISBURY.G
942 _2udc
_cBK
999 _c15283
_d15283